=LDR 00000nam 2200000 4500 =001 INLIS000000000015416 =005 20130612110709 =008 ***********************************Indo** =035 ##$$0010-061300000015416 =041 ##$$a Indo =082 ##$$a F.Rom K =090 ##$$a F.RomK, Wak =100 ##$$a Waki Sofyan =245 ##$$a Keluarga yang ideal (Bacaan Remaja), Sofyan Waki,B.sc =260 ##$$a 1985 $b Solo =300 ##$$a 112 hlm, ilus, 20 cm =650 ##$$a Fiksi Kanak-Kanak =850 ##$$a NBPNMAT